A casinha de chocolate (Registo nº 1645)

Detalhes MARC
000 -Etiqueta do registo
Cabeçalho 00997nam a22003251 4500
005 - Identificador da versão
Campo de controlo 20240813121912.0
010 ## - Número internacional normalizado dos livros (ISBN)
Número (ISBN) 9722615653
021 ## - Número do Depósito Legal
Código do país PT
100 ## - Dados gerais de processamento
Dados gerais de processamento 20070420d1998 cd y0pory5003 ba
102 ## - Pais de publicação ou produção
País de publicação Portugal
101 1# - Língua de publicação
Língua do texto, banda sonora, etc. Português
Língua do documento no original Inglês
106 ## - Campo de dados codificados: material textual
Dados codificados do material textual r
105 ## - Campo de dados codificados: livros
Dados codificados dos livros a z 000fy
215 ## - Descrição física 
Indicação específica da natureza do documento e extensão da espécie [30] p.
Outras indicações físicas muito il.
Dimensões 22 cm
200 1# - Titulo e menção de responsabilidade
Título próprio A casinha de chocolate
Primeira menção de responsabilidade adapt. Mónica Bosom
Outras menções de responsabilidade il. Roser Rius, trad. Maria Alice Moura Bessa
-- história de W. J. Grimm
225 2# - Colecção 
Título próprio da colecção Teatro de Contos de Fadas
205 ## - Menção da edição
Menção da edição 1ª ed.
210 ## - Publicação, Distribuição, etc. 
Lugar da edição, distribuição, etc. Lisboa
Nome do editor, distribuidor, etc. Civilização
Data da publicação, distribuição, etc. imp. 1999
304 ## - Notas relativas a título e menção de responsabilidade 
Texto da nota Tít. orig.: Hansel and Gretel
606 ## - Nome comum usado como assunto
Número de registo de entrada de autoridade 0000084
Palavra de ordem Literatura estrangeira infantil
Subdivisão de assunto Teatro
675 ## - Classificação Decimal Universal (CDU)
Notação 82-2
Edição
Língua da edição por
702 #1 - Nome de autor-pessoa física (responsabilidade secundária)
Número de registo de entrada de autoridade 0000088
Palavra de ordem Bessa
Outra parte do nome não tomada para palavra de ordem Maria Alice Moura
Código de função Tradutor
Número de registo de entrada de autoridade 0000089
Palavra de ordem Grimm
Outra parte do nome não tomada para palavra de ordem W. J.
Código de função Antecedente bibliográfico
701 #1 - Nome de autor-pessoa física (co-responsabilidade principal)
Palavra de ordem Rius
Outra parte do nome não tomada para palavra de ordem Roser
Código de função Ilustrador / Técnico de desenho computorizado
700 #1 - Nome de autor-pessoa física (responsabilidade principal)
Número de registo de entrada de autoridade 0000086
Palavra de ordem Bosom
Outra parte do nome não tomada para palavra de ordem Mónica
942 ## - Elementos de entrada adicionados (Koha)
Tipo de item no Koha Livro
Exemplares
Situação do levantamento Origin of item (home branch) (coded) Biblioteca de empréstimo Código de barras Cota Circulation type (not for loan) Tipo de documento Nota do exemplar Damaged status
  Biblioteca Escolar da Coca Maravilhas Biblioteca Escolar da Coca Maravilhas BECM5124/01 8EST TEA BOS   Livro Sem mensagem